banner-ar

ABDUL RAZZAQ ABDUL WAHID:POEMS / (Record no. 11947)

MARC details
000 -الفاتح
حقل البيانات ثابتة الطول 00571nam a2200217Ia 4500
008 - عناصر البيانات ثابتة الطول - معلومات عامة
حقل البيانات ثابتة الطول 140319s9999 xx 000 0 eng d
040 ## - مصدر الفهرسة
وكالة الفهرسة الأصلية GCL /
وكالة النسخ GCL
082 04 - رقم تصنيف ديوى العشرى
رقم التصنيف 811
رقم المادة A A
100 1# - المدخل الرئيسى - إسم شخصى
الإسم الشخصى ABDEL WAHID, ABDUL RAZZAQ
245 10 - بيان العنوان
العنوان ABDUL RAZZAQ ABDUL WAHID:POEMS /
بيان المسئوليه,etc ABDEL WAHID, ABDUL RAZZAQ
700 1# - المدخل الاضافى - اسم شخصى
الإسم الشخصى AL-ALEAQ, ALI J.
700 1# - المدخل الاضافى - اسم شخصى
الإسم الشخصى DARWEESH,MOHAMMED
260 ## - PUBLICATION, DISTRIBUTION, ETC. (IMPRINT)
تاريخ النشر أو التوزيع 1989
300 ## - الوصف المادى
التعداد 82P
650 04 - المدخل الاضافى بالموضوع-مصطلح موضوعى
مصطلح موضوعي LITERATURE
650 04 - المدخل الاضافى بالموضوع-مصطلح موضوعى
مصطلح موضوعي POEMS
650 04 - المدخل الاضافى بالموضوع-مصطلح موضوعى
مصطلح موضوعي ARABIC POETRY
650 04 - المدخل الاضافى بالموضوع-مصطلح موضوعى
مصطلح موضوعي ARABIC LITERATURE
942 ## - عناصر المدخل الإضافي( كوها)
مصدر التصنيف او مخطط الترفيف Dewey Decimal Classification
Koha [default] item type كتاب
260 ## - PUBLICATION, DISTRIBUTION, ETC. (IMPRINT)
-- [S.N] :
-- DAR AL- MAMUN ،
Holdings
حالة التراجع حالة الفقد حالة تلف ليس للاعارة المكان المؤقت الموقع الحالى تاريخ الاكتساب اجمالي اﻻعارات رقم الطلب الباركود تاريخ اخر مشاهدة تاريخ تفعيل السعر نوع وعاء كوها
        مكتبة القاهرة الكبرى مكتبة القاهرة الكبرى 03/26/2014   811\A A 23437 03/26/2014 03/26/2014 كتاب

Powered By

EGPV